| 000 | 00563nam a2200181Ia 4500 | ||
|---|---|---|---|
| 003 | GCL | ||
| 008 | 140319s9999 xx 000 0 ara d | ||
| 040 |
_aGCL / _cGCL |
||
| 082 | 0 | 4 |
_a152 _bع ا |
| 100 | 1 | _aعبدالفتاح محمد دويدار | |
| 245 | 1 | 0 |
_aاسس علم النفس التجريبى: التجريب ومناهج البحث والقياس / _cعبدالفتاح محمد دويدار |
| 300 | _a503 ص | ||
| 490 |
_aكتاب _v0 |
||
| 650 | 0 | 4 | _aعلم النفس |
| 650 | 0 | 4 | _aالسلوك |
| 650 | 0 | 4 | _aالادراك |
| 942 |
_2ddc _cBK |
||
| 999 |
_c41258 _d41258 |
||